000 00589nam a2200181Ia 4500
003 GCL
008 140319s9999 xx 000 0 ara d
040 _aGCL /
_cGCL
082 0 4 _a255
_bا م
100 1 _aاحمد فتحى بهنسى
245 1 0 _aالمسئولية الجنائية فى الفقه الاسلامى: دراسة فقهيه مقارنه /
_cاحمد فتحى بهنسى
260 _a[S.N] :
_bدار الشروق ،
_c1988
300 _a298 ص
490 _a
650 0 4 _aالفقه الاسلامى
650 0 4 _aجرائم ضد الاسلام
942 _2ddc
_cBK
999 _c52631
_d52631